Interactions 1 : Listening / Speaking
The themes are integrated across proficiency levels and the levels are articulated across skill strands. The series combines communicative activities with skill-building exercises to boost students' academic success.
Gardado en:
| Autor Principal: | |
|---|---|
| Formato: | Libro |
| Idioma: | Undetermined |
| Publicado: |
New York
McGraw-Hill
2014
|
| Những chủ đề: | |
| Các nhãn: |
Engadir etiqueta
Sen Etiquetas, Sexa o primeiro en etiquetar este rexistro!
|
| Thư viện lưu trữ: | Trung tâm Học liệu Trường Đại học Cần Thơ |
|---|
| LEADER | 00860nam a2200229Ia 4500 | ||
|---|---|---|---|
| 001 | CTU_227350 | ||
| 008 | 210402s9999 xx 000 0 und d | ||
| 020 | |c 207000 | ||
| 082 | |a 428.0071 | ||
| 082 | |b I.61/B.1 | ||
| 100 | |a Tanka, Judith | ||
| 245 | 0 | |a Interactions 1 : | |
| 245 | 0 | |b Listening / Speaking | |
| 245 | 0 | |c Judith Tanka, Paul Most | |
| 260 | |a New York | ||
| 260 | |b McGraw-Hill | ||
| 260 | |c 2014 | ||
| 520 | |a The themes are integrated across proficiency levels and the levels are articulated across skill strands. The series combines communicative activities with skill-building exercises to boost students' academic success. | ||
| 650 | |a English language,Tiếng Anh,Tiếng Anh,English language | ||
| 650 | |x Listening,Nói,Nghe,Spoken English | ||
| 904 | |i Bằng | ||
| 980 | |a Trung tâm Học liệu Trường Đại học Cần Thơ | ||